000 00722nam a2200217 i 4500
001 59660
003 ES-MaACL
005 20230906164056.0
007 t|
008 031030s1960 sp ||||1| lat d
245 0 0 _aEpitome historiae graecae /
_cadaptación y revisión por Luis Rubert Candau.
260 _aMadrid :
_bCompañía Bibliográfica Española,
_c1960.
300 _a40 p. ;
_c12 cm.
490 1 _aEbe de clásicos latinos escolares
650 0 4 _aLengua latina-
_vTextos.
_914307
700 1 _aRúbert y Cándau, Luis.
_9100299
710 2 _aCompañía Bibliográfica Española.
_9171207
830 1 _aEbe de clásicos latinos escolares
_9183681
852 _aES-MaACL
_j2004-F-11
999 _c59660
_d59660